00233nam a2200097Ia 4500008004100000100002000041245003100061260002200092260000900114546001200123170619s9999 xx 000 0 und d aTaylor- Shirley 0aCommunication for business bNew Delhi Pearson c2004 aENGLISH